000 00407cam a2200157ua 4500
041 _aeng
_h
082 _a823.308
_bGUN/MO
100 _aGunston, David .
245 _aMore adventures of Keenie, the kestel hawk /
_cDavind Gunston.
_hTextual Documents
250 _a1 /
_b.
260 _aLondon :
_bE J Arnold & Son Ltd ,
_c1960.
300 _a93 ; .
504 _a
942 _cBK
999 _c7623
_d7623